| 000 | 01181 a2200241 4500 | ||
|---|---|---|---|
| 003 | Nust | ||
| 005 | 20170207154030.0 | ||
| 020 | _a1-58053-295-0 ; | ||
| 040 | _cNust | ||
| 082 | 0 | _a005.8 | |
| 100 | 1 | _aLang, Ulrich | |
| 245 | 0 | 0 |
_aDeveloping secure distributed applications with CORBA(E-BOOK) _cUlrich Lang, Rudolf Schreiner |
| 260 |
_aBoston ; _aLondon : _bArtech House, _ccop. 2002 |
||
| 300 |
_axvii, 311s. : _bill. ; _c23 cm |
||
| 490 | 0 | _aArtech House computer security series | |
| 505 | _aPart I: CORBA Security. Introduction to CORBA — Why CORBA? The Object Management Group (OMG). The Object Management Architecture (OMA). The Common Object Request Broker Architecture (CORBA). How does it all work together? Creating and Running an Example Application. The Security Basics — What is Security? Why Security? Aspects of Security within CORBA. Security Management. Threats, Vulnerabilities, Countermeasures. Middleware Security | ||
| 650 | 0 | _aComputer security | |
| 650 | 0 | _aCORBA (Computer architecture) | |
| 650 | 0 |
_aDistributed databases _xSecurity measures |
|
| 650 | 0 | _aDistributed operating systems (Computers) | |
| 651 | _aE-BOOK | ||
| 700 | 1 | _aSchreiner, Rudolf | |
| 942 |
_2ddc _cBK |
||
| 999 |
_c192136 _d192136 |
||